Iditarod winners - Statistics

General Stats
  • This quiz has been taken 78 times
    24 since last reset
  • The average score is 19 of 45
Answer Stats
Year Winner % Correct
2012 Dallas Seavey
71%
2014 Dallas Seavey
71%
2015 Dallas Seavey
71%
2016 Dallas Seavey
71%
2004 Mitch Seavey
71%
2013 Mitch Seavey
71%
2017 Mitch Seavey
71%
1986 Susan Butcher
57%
1987 Susan Butcher
57%
1988 Susan Butcher
57%
1990 Susan Butcher
57%
1978 Dick Mackey
50%
2007 Lance Mackey
50%
2008 Lance Mackey
50%
2009 Lance Mackey
50%
2010 Lance Mackey
50%
1992 Martin Buser
50%
1994 Martin Buser
50%
1997 Martin Buser
50%
2002 Martin Buser
50%
1983 Rick Mackey
50%
1977 Rick Swenson
43%
1979 Rick Swenson
43%
1981 Rick Swenson
43%
1982 Rick Swenson
43%
1991 Rick Swenson
43%
1993 Jeff King
36%
1996 Jeff King
36%
1998 Jeff King
36%
2006 Jeff King
36%
2011 John Baker
36%
1985 Libby Riddles
29%
2003 Robert Sorlie
29%
2005 Robert Sørlie
29%
1974 Carl Huntington
21%
1973 Dick Wilmarth
21%
1995 Doug Swingley
21%
1999 Doug Swingley
21%
2000 Doug Swingley
21%
2001 Doug Swingley
21%
1975 Emmitt Peters
21%
1989 Joe Runyan
21%
1984 Dean Osmar
14%
1976 Gerald Riley
7%
1980 Joe May
7%
No matching quizzes found
Score Distribution
Percent of People with Each Score
Percentile by Number Answered
Your Score History
You have not taken this quiz since the last reset